| 000 | 00783nam a2200217Ia 4500 | ||
|---|---|---|---|
| 003 | 0 | ||
| 005 | 20250131112730.0 | ||
| 008 | 150126s9999 xx 000 0 und d | ||
| 050 |
_aPHS BF 723.P47 _b.D542 2014 |
||
| 100 | _aDiaz, John Bryan T. | ||
| 245 |
_aRelationship between peer pressure and decision-making / _cJohn Bryan T. Diaz. |
||
| 260 |
_aLas PiƱas City, Philippines : _bSouthville International School and Colleges, _c2014. |
||
| 300 |
_a35 pages : _billustration ; _c28 cm. |
||
| 504 | _aIncludes bibliographical references. | ||
| 650 | _aPeer pressure in adolescence. | ||
| 650 | _aDecision-making in youth. | ||
| 650 | _aSocial influence. | ||
| 650 |
_aAdolescence _vPsychological aspects. |
||
| 650 |
_aPeer relationships _vSocial aspects. |
||
| 942 |
_2lcc _cPASS |
||
| 999 |
_c278667 _d278667 |
||